| 000 | 00538nam a2200193Ia 4500 | ||
|---|---|---|---|
| 003 | OSt | ||
| 005 | 20250124142040.0 | ||
| 008 | 210210b1970 xxu||||| |||| 00| 0 eng d | ||
| 040 | _cAL | ||
| 041 | _aKannada | ||
| 082 | _aK894.3 ANAN | ||
| 100 |
_a KRASHNARAYA (Aa Na) _dಕೃಷ್ಣರಾಯ (ಅ ನ ಕೃ). _9195234 |
||
| 245 |
_aNatasarvabauma.Bhaga 3. _bನಟಸಾರ್ವಭೌಮ |
||
| 260 |
_aMaisuru _bDi Vi Ke Murti _c1970 |
||
| 300 | _a331 | ||
| 690 |
_aKannada Fiction _9195235 |
||
| 906 | _a028157 | ||
| 942 |
_2ddc _cBK |
||
| 999 |
_c79417 _d79417 |
||